| 000 | 02566nam0a2200385 4500 | ||
|---|---|---|---|
| 001 | RU\NLR\BIBL_A\022630447 | ||
| 005 | 20251211143820.0 | ||
| 010 |
_a978-5-238-04067-7 _91000 |
||
| 021 |
_aRU _bКН-П-25-040886 _9КН-П-25-3979 |
||
| 035 | _a(NLR Aleph) 022630447 | ||
| 090 |
_a13497078 _c13497078 |
||
| 100 | _a20250925d2025 u y0rusy50 ca | ||
| 101 | 0 | _arus | |
| 102 | _aRU | ||
| 105 | _aa j 000yy | ||
| 181 | 0 |
_ai _bxxxe |
|
| 182 | 0 | _an | |
| 200 | 1 |
_aОсновы криминалистики _eучебник _eдля студентов высших учебных заведений, обучающихся по направлению "Юриспруденция" _f[С. В. Дубровин – заслуженный работник высшей школы РФ, доктор юридических наук, профессор, С. Я. Казанцев – заслуженный юрист РФ, доктор педагогических наук, кандидат юридических наук, профессор, Д. И. Аминов – доктор юридическхи наук, профессор, и др.] _gпод редакцией заслуженного работника высшей школы РФ, доктора юридических наук, профессора С. В. Дубровина, доктора юридических наук С. И. Захарцева |
|
| 203 |
_aТекст _bвизуальный _cнепосредственный |
||
| 210 |
_aМосква _cЮНИТИ _d2025 |
||
| 215 |
_a239 c. _cил. _d22 |
||
| 225 | 1 | _aСерия учебных изданий "Уголовно-правовой и криминологический контроль над преступностью" | |
| 300 | _aАвт. указаны во введ. на с. 4 | ||
| 301 | _aNIION 2025-K/1205 | ||
| 301 | _aMOSURED 77/25K-205 | ||
| 320 | _aБиблиогр.: с. 230–238 | ||
| 606 | 1 |
_aКриминалистика _yРоссийская Федерация _jУчебники для высших учебных заведений _2nlr_sh1 _2nlr_sh2 _3RU\NLR\AUTH\661258910 |
|
| 686 | 1 | _aХ629.4я73 | |
| 701 | 1 |
_aДубровин _bС. В. _gСергей Викторович |
|
| 701 | 1 |
_aКазанцев _bС. Я. _f1955- _gСергей Яковлевич _3RU\NLR\AUTH\770152715 |
|
| 701 | 1 |
_aАминов _bД. И. _f1959- _gДавид Исаакович _3RU\NLR\AUTH\775433 |
|
| 942 | _cBOOK | ||
| 980 | _aNB | ||